000 00496nam a2200145 a 4500
001 000027830
005 20241110163406.0
008 110405s1997 dr 000 0 spa d
040 _aDO-SdBNP
_bspa
_cBNPHU
110 2 _aBanco Agrícola de la República Dominicana
_97210
245 1 0 _aCostos de producción para 1998 y variables básicas para el análisis del crédito agrícola.
260 _aSanto Domingo :
_bBanco Agrícola,
_c[1997].
300 _a195 p. ; :
_b+ CD ;
_c28 cm.
049 _aBNPD
999 _c27322
_d27322